[Event "6th WSCC U17"]
[Site "Kayseri TUR"]
[Date "2010.07.28"]
[Round "7"]
[White "Sagbas,C"]
[Black "Okay,A"]
[Result "0-1"]
[WhiteElo "1782"]
[BlackElo "1845"]

1.d4 Nf6 2.c4 g6 3.Nc3 Bg7 4.e4 d6 5.Nf3 O-O 6.Be2 e5 7.O-O Nc6 8.d5 Ne7
9.Ne1 Nd7 10.Be3 f5 11.f3 f4 12.Bf2 g5 13.a4 a5 14.Nd3 Nf6 15.c5 Ng6 16.b4 h5
17.bxa5 g4 18.Nb5 g3 19.hxg3 fxg3 20.Bxg3 h4 21.Bh2 Nh5 22.Qc1 Ng3 23.Rf2 Kh7
24.cxd6 cxd6 25.Qc7 Qg5 26.Qc1 Qf6 27.Qa3 Qg5 28.Qc1 Qh5 29.Nxd6 Nf4 30.Nxf4 exf4
31.Qc7 Kh8 32.Rd1 h3 33.Bf1 Nxf1 34.Kxf1 hxg2+ 35.Kg1 Be5 36.Qc5 Bd7 37.Nc4 Rac8
38.Qb4 Bg7 39.Nb6 Rcd8 40.Nxd7 Rxd7 41.Rc1 Rf6 42.Qb3 Rg6 43.Qd3 Be5 44.Rcc2 Rh7
45.Rxg2 Qxh2+ 46.Kf1 Qh1+  0-1

[Event "COQ Inv"]
[Site "Montreal CAN"]
[Date "2010.07.28"]
[Round "6"]
[White "Guichard,P"]
[Black "Rousseau,D"]
[Result "1-0"]
[WhiteElo "2320"]
[BlackElo "2093"]

1.d4 Nf6 2.c4 g6 3.Nc3 Bg7 4.e4 d6 5.Be2 O-O 6.Nf3 e5 7.O-O Nc6 8.d5 Ne7
9.Ne1 Nd7 10.Be3 f5 11.f3 f4 12.Bf2 g5 13.Rc1 Rf7 14.Nd3 Ng6 15.c5 Nf6 16.cxd6 cxd6
17.Nb5 g4 18.Bxa7 g3 19.Rxc8 Rxc8 20.h3 Bf8 21.Qd2 Ra8 22.Kh1 Nh4 23.a4 Bh6
24.Rc1 Kg7 25.Rc4 Rc8 26.Rxc8 Qxc8 27.Nxd6  1-0

[Event "21st Czech GM Open"]
[Site "Pardubice CZE"]
[Date "2010.07.28"]
[Round "6"]
[White "Linster,P"]
[Black "Ageichenko,G"]
[Result "1-0"]
[WhiteElo "2244"]
[BlackElo "2402"]

1.d4 Nf6 2.c4 g6 3.Nc3 Bg7 4.e4 d6 5.Nf3 O-O 6.Be2 e5 7.O-O Nc6 8.d5 Ne7
9.b4 Kh8 10.c5 Neg8 11.a4 Nh5 12.Re1 Nf4 13.Bf1 Bh6 14.Nd2 g5 15.Nc4 f5 16.cxd6 cxd6
17.Bb2 Rf6 18.Ne3 Bg7 19.exf5 Bxf5 20.Nxf5 Rxf5 21.g3 Ng6 22.Bd3 Rf7 23.Qh5 Nf6
24.Qxg5 Qb6 25.Re2 Raf8 26.Rf1 Ne7 27.Qh4 e4 28.Nxe4 Ng6 29.Qh3 Nxe4 30.Bxe4 Kg8
31.Bxg7 Kxg7 32.Bxg6 hxg6 33.Qh4 a5 34.bxa5 Qxa5 35.Qd4+ Rf6 36.Re7+ Rf7
37.Rxf7+ Kxf7 38.Rb1 Qc7 39.Qb6 Qc2 40.Qxb7+ Kg8 41.Qb2 Rxf2 42.Qxc2 Rxc2
43.Ra1 Kf7 44.a5 Kf6 45.a6 Rc8 46.a7 Ra8 47.Kg2 Ke5 48.Ra5 Kd4 49.h4 Kc4
50.g4 Kb4 51.Ra1 Kc5 52.h5 gxh5 53.gxh5 Kxd5 54.h6 Kc6 55.h7 Kb7 56.Kf3 d5
57.Rb1+  1-0

[Event "TCh-MNE Premier League"]
[Site "Cetinje MNE"]
[Date "2010.07.29"]
[Round "6"]
[White "Nikcevic,N"]
[Black "Djukic,Ni"]
[Result "0-1"]
[WhiteElo "2409"]
[BlackElo "2503"]

1.Nf3 Nf6 2.c4 g6 3.Nc3 Bg7 4.e4 d6 5.d4 O-O 6.Be2 e5 7.O-O Nc6 8.d5 Ne7
9.b4 a5 10.bxa5 c5 11.a4 Rxa5 12.Ra3 Ra6 13.Ne1 Nd7 14.Nd3 f5 15.f4 fxe4
16.Nxe4 Nf5 17.Kh1 Qe7 18.fxe5 Nxe5 19.Nxe5 Qxe5 20.Ng5 Bd7 21.Bf4 Qd4 22.Ne6 Qxd1
23.Bxd1 Bxe6 24.dxe6 g5 25.Bf3 gxf4 26.Bxb7 Ra7 27.Bc6 Ne3 28.Rb1 Nxc4 29.Rd3 Ne5
30.Rxd6 Nxc6 31.Rxc6 Bd4 32.h4 Re8 33.Kh2 Rxa4 34.Rb7 Ra1 35.h5 Re1 36.Kh3 R1xe6
37.Rcc7 Re3+ 38.Kg4 Rg3+ 39.Kf5 Rf8+  0-1

[Event "Open"]
[Site "Szombathely HUN"]
[Date "2010.07.30"]
[Round "4"]
[White "Havanecz,B"]
[Black "Babos,Z"]
[Result "1-0"]
[WhiteElo "1848"]
[BlackElo "1968"]

1.d4 Nf6 2.c4 g6 3.Nc3 Bg7 4.e4 d6 5.Nf3 O-O 6.Be2 e5 7.O-O Nc6 8.d5 Ne7
9.b4 Nd7 10.Ne1 f5 11.f3 a5 12.bxa5 Rxa5 13.Nd3 Nf6 14.Bd2 Bd7 15.Nc1 b6
16.Qc2 f4 17.Nb5 Ra8 18.a4 g5 19.a5 Nc8 20.Kh1 c6 21.dxc6 Bxc6 22.Nb3 Qd7
23.Bb4 Ne8 24.Rfd1 Rf6 25.axb6 Nxb6 26.Rxa8 Nxa8 27.Na5 Nb6 28.Nxc6 Qxc6
29.Qb3 Kh8 30.h3 h5 31.Rc1 g4 32.fxg4 hxg4 33.Bxg4 Qxe4 34.Ba5 d5 35.Bxb6 Rxb6
36.cxd5 Nd6 37.Nxd6 Qd4 38.Rc8+ Kh7 39.Qc2+ e4 40.Qxe4+ Qxe4 41.Nxe4 Rb1+
42.Kh2 Bd4 43.Bf5+ Kh6 44.Rc6+ Kg7 45.h4 Bg1+ 46.Kh3 Be3 47.Rc7+ Kf8 48.d6 f3
49.gxf3 Rh1+ 50.Kg4 Rg1+ 51.Kh5 Bf4 52.Rh7 Be5 53.d7 Bf6 54.Rh8+ Kf7 55.Nxf6  1-0

[Event "21st Czech GM Open"]
[Site "Pardubice CZE"]
[Date "2010.07.31"]
[Round "9"]
[White "Lalic,B"]
[Black "Shomoev,A"]
[Result "0-1"]
[WhiteElo "2491"]
[BlackElo "2561"]

1.d4 Nf6 2.c4 g6 3.Nc3 Bg7 4.e4 d6 5.Nf3 O-O 6.Be2 e5 7.O-O Nc6 8.d5 Ne7
9.Ne1 Nd7 10.Nd3 f5 11.Bd2 Nf6 12.f3 Kh8 13.Rc1 c5 14.dxc6 Nxc6 15.Be3 Be6
16.b3 Rf7 17.Qd2 f4 18.Bf2 g5 19.Rfd1 g4 20.c5 g3 21.hxg3 fxg3 22.Bxg3 Nh5
23.Bf2 Qf6 24.cxd6 Rg8 25.Be3 Qh4 26.Nc5 Bh3 27.Bf1 Nd4 28.Bxd4 exd4 29.Qf2 Ng3
30.gxh3 Bh6 31.Qxd4+ Bg7 32.Qf2 Ne2+ 33.Nxe2 Bd4+ 34.Kh1 Qxf2 35.Rxd4 Rfg7  0-1

[Event "21st Czech GM Open"]
[Site "Pardubice CZE"]
[Date "2010.07.31"]
[Round "9"]
[White "Zilka,S"]
[Black "Kosiorek,M"]
[Result "1/2-1/2"]
[WhiteElo "2493"]
[BlackElo "2359"]

1.d4 Nf6 2.c4 g6 3.Nc3 Bg7 4.e4 d6 5.Nf3 O-O 6.Be2 e5 7.O-O Nc6 8.d5 Ne7
9.Ne1 Nd7 10.Be3 f5 11.f3 f4 12.Bf2 g5 13.Nd3 Rf6 14.c5 Rh6 15.Nb5 Nf6 16.Nxa7 Bd7
17.Qb3 Qe8 18.Nc6 Nexd5 19.Ncb4 Ba4 20.Qc4 Bb5 21.Qb3 Ba4  1/2-1/2

[Event "ch-CRC"]
[Site "San Jose CRC"]
[Date "2010.07.31"]
[Round "5"]
[White "Duran Vega,S"]
[Black "Alvarez Hernandez,D"]
[Result "1-0"]
[WhiteElo "2156"]
[BlackElo "1954"]

1.d4 Nf6 2.c4 g6 3.Nc3 Bg7 4.e4 d6 5.Nf3 O-O 6.Be2 e5 7.O-O Nc6 8.d5 Ne7
9.Ne1 a5 10.Be3 Nd7 11.Nd3 f5 12.f3 f4 13.Bf2 g5 14.c5 h5 15.Rc1 Nf6 16.Qb3 Ng6
17.cxd6 cxd6 18.Na4 Nd7 19.Rc2 Rf7 20.Rfc1 Bh6 21.Bb6 Qe8 22.Bc7 Bf8 23.Qb5 b6
24.Nxb6 Ba6 25.Qc6 Nxb6 26.Qxe8 Rxe8 27.Bxb6 Ra8 28.Rc7 Ne7 29.Kf2 Nc8 30.Rxf7 Kxf7
31.Bc7 Ke8 32.Bxa5 Be7 33.a3 Bb7 34.Bc7 Na7 35.a4 Kd7 36.b4 Nc8 37.Nxe5+  1-0

[Event "Tch-POR 1st Div Final"]
[Site "Vila Nova de Gaia POR"]
[Date "2010.07.31"]
[Round "6"]
[White "Ftacnik,L"]
[Black "Oliveira,C"]
[Result "1-0"]
[WhiteElo "2551"]
[BlackElo "2150"]

1.Nf3 Nf6 2.c4 g6 3.Nc3 Bg7 4.e4 d6 5.d4 O-O 6.Be2 e5 7.O-O Nc6 8.d5 Ne7
9.Nd2 a5 10.b3 c5 11.a3 Bd7 12.Rb1 Qb6 13.b4 axb4 14.axb4 cxb4 15.Qb3 Rfb8
16.Qxb4 Qxb4 17.Rxb4 Ne8 18.Nb3 b6 19.Be3 Nc8 20.Nd2 Ra3 21.Ndb1 Ra1 22.Rb3 Bf8
23.Nb5 Bxb5 24.cxb5 Nf6 25.f3 Nd7 26.Ra3 Ra8 27.Rxa8 Rxa8 28.Nd2 h5 29.Rc1 Nc5
30.Bf1 Ra5 31.g3 Na7 32.Bxc5 dxc5 33.Nc4 Rxb5 34.Ra1 Nc8 35.Ra8 Rb1 36.Rxc8 b5
37.Na3  1-0

[Event "Politiken Cup"]
[Site "Copenhagen DEN"]
[Date "2010.08.01"]
[Round "3"]
[White "Eljanov,P"]
[Black "Petersen,To1"]
[Result "1-0"]
[WhiteElo "2755"]
[BlackElo "2307"]

1.d4 Nf6 2.c4 g6 3.Nc3 Bg7 4.e4 d6 5.Nf3 O-O 6.Be2 e5 7.O-O Nc6 8.d5 Ne7
9.b4 Nh5 10.Re1 f5 11.Ng5 Nf6 12.f3 c6 13.Be3 Nh5 14.c5 h6 15.cxd6 Qxd6 16.Bc5 Qf6
17.d6 hxg5 18.dxe7 Re8 19.b5 Nf4 20.bxc6 bxc6 21.Qa4 Nxe2+ 22.Rxe2 Qe6 23.Rd1 Rb8
24.Red2  1-0

[Event "Tch-POR 1st Div Final"]
[Site "Vila Nova de Gaia POR"]
[Date "2010.08.01"]
[Round "9.5"]
[White "Hammes,M"]
[Black "Oliveira,C"]
[Result "1-0"]
[WhiteElo "2388"]
[BlackElo "2150"]

1.d4 Nf6 2.c4 g6 3.Nc3 Bg7 4.e4 d6 5.Nf3 O-O 6.Be2 e5 7.O-O Nc6 8.d5 Ne7
9.Nd2 a5 10.a3 Bd7 11.b3 c6 12.Bb2 Qb6 13.Na4 Qc7 14.b4 cxd5 15.cxd5 axb4
16.axb4 b5 17.Nc3 Qb6 18.Nb3 Rxa1 19.Qxa1 Rb8 20.Bc1 Nc8 21.Be3 Qd8 22.Na5 Nb6
23.f3 Nc4 24.Bxc4 bxc4 25.Rb1 Ra8 26.Qa2 Qc7 27.Qf2 Ne8 28.Bb6 Qc8 29.b5 Bf6
30.Ba7 Qd8 31.b6 Bc8 32.b7 Bxb7 33.Nxb7 Qd7 34.Be3 Rb8 35.Qb2 Nc7 36.Qb6 Be7
37.Qc6 Qc8 38.Nxd6 Qf8 39.Qxc7 Rxb1+ 40.Nxb1 Bxd6 41.Qxc4 Qb8 42.Nd2 Qb2
43.Qd3  1-0

[Event "Politiken Cup"]
[Site "Copenhagen DEN"]
[Date "2010.08.02"]
[Round "4"]
[White "Larsen,Mi"]
[Black "Jacobsen,Heidrikur"]
[Result "1/2-1/2"]
[WhiteElo "2088"]
[BlackElo "1993"]

1.d4 Nf6 2.c4 g6 3.Nc3 Bg7 4.e4 d6 5.Nf3 O-O 6.Be2 e5 7.O-O Nc6 8.d5 Nb8
9.Bg5 h6 10.Bd2 a5 11.a3 Ne8 12.Ne1 f5 13.f3 f4 14.b4 b6 15.Nd3 h5 16.Rc1 g5
17.Nf2 Rf6 18.Na4 Bd7 19.bxa5 bxa5 20.c5 Rg6 21.c6 Bc8 22.h3 g4 23.fxg4 Qg5
24.Bf3 Nf6 25.gxh5 Nxh5 26.Bg4 Nf6 27.Rb1 Bxg4 28.Nxg4 Nxe4 29.Be1 Nf6 30.Nxf6+  1/2-1/2

[Event "111th US Open"]
[Site "Irvine USA"]
[Date "2010.08.02"]
[Round "3"]
[White "Doubleday,W"]
[Black "Casella,M"]
[Result "0-1"]
[WhiteElo "2081"]
[BlackElo "2282"]

1.d4 Nf6 2.c4 g6 3.Nc3 Bg7 4.e4 O-O 5.Nf3 d6 6.Be2 e5 7.O-O Nc6 8.d5 Ne7
9.Ne1 Nd7 10.Nd3 f5 11.Bd2 Nf6 12.f3 f4 13.c5 g5 14.cxd6 cxd6 15.Nf2 h5 16.h3 Kh8
17.Rc1 Neg8 18.Nb5 Ne8 19.Qc2 Bd7 20.Qb3 Nh6 21.Rc2 a6 22.Nc3 Rb8 23.a4 Nf6
24.Rfc1 g4 25.fxg4 hxg4 26.hxg4 Nfxg4 27.Ncd1 Qh4 28.Rc3 Qh2+ 29.Kf1 Ne3+
30.Bxe3 fxe3 31.Bf3 exf2 32.Nxf2 Ng4 33.Ke2 Nxf2 34.Kxf2 Bg4  0-1

[Event "Politiken Cup"]
[Site "Copenhagen DEN"]
[Date "2010.08.04"]
[Round "6"]
[White "Rundgren,A"]
[Black "Jorgensen,R"]
[Result "1/2-1/2"]
[WhiteElo "1915"]
[BlackElo "2098"]

1.d4 Nf6 2.c4 g6 3.Nc3 Bg7 4.e4 d6 5.Nf3 O-O 6.Be2 e5 7.O-O Nc6 8.d5 Ne7
9.b4 Nh5 10.Re1 f5 11.Ng5 Nf6 12.Bf3 c6 13.b5 cxd5 14.cxd5 fxe4 15.Ngxe4 Nxe4  1/2-1/2

[Event "111th US Open"]
[Site "Irvine USA"]
[Date "2010.08.04"]
[Round "?"]
[White "Ramirez,Alej"]
[Black "Casella,M"]
[Result "1-0"]
[WhiteElo "2562"]
[BlackElo "2282"]

1.c4 Nf6 2.Nc3 g6 3.e4 d6 4.d4 Bg7 5.Nf3 O-O 6.Be2 e5 7.O-O Nc6 8.d5 Ne7
9.b4 Ne8 10.Nd2 f5 11.c5 Nf6 12.cxd6 cxd6 13.b5 Bh6 14.exf5 gxf5 15.Nc4 Bxc1
16.Rxc1 Ng6 17.g3 f4 18.Bf3 Bh3 19.Re1 Qd7 20.Ne4 Nxe4 21.Bxe4 Rf6 22.b6 a6
23.Qh5 Rc8 24.Nd2 Kg7 25.Bf3 fxg3 26.hxg3 Nf4 27.Qg5+ Rg6 28.Rxc8 Rxg5 29.Rc7 Nd3
30.Re3 Nc5 31.Nc4 Rg6 32.Bh5 Rg5 33.Be8 Qxc7 34.bxc7 Kf6 35.Nxd6 Rg7 36.Rf3+  1-0

[Event "49th WJun"]
[Site "Chotowa POL"]
[Date "2010.08.05"]
[Round "3"]
[White "Nyzhnyk,I"]
[Black "Kanarek,M"]
[Result "1/2-1/2"]
[WhiteElo "2543"]
[BlackElo "2387"]

1.d4 Nf6 2.c4 g6 3.Nc3 Bg7 4.e4 d6 5.Nf3 O-O 6.Be2 e5 7.O-O Nc6 8.d5 Ne7
9.Ne1 Nd7 10.Nd3 f5 11.exf5 Nxf5 12.f3 Bh6 13.Bxh6 Nxh6 14.Qd2 Nf5 15.Rae1 g5
16.Ne4 h6 17.Ndf2 b6 18.b4 a5 19.a3 axb4 20.axb4 Nf6 21.Ng4 Nh5 22.g3 Qe7
23.Kg2 Qg7 24.c5 bxc5 25.bxc5 Qg6 26.Bd3 Ba6 27.Be2 Bc8 28.Bd3 Ba6 29.Rb1 Bxd3
30.Qxd3 Ra2+ 31.Kg1 Nd4 32.Rbe1 Kg7 33.cxd6 cxd6 34.Qc4 Rc2 35.Qa4 Rc7 36.Re3 Rcf7
37.Nd2 Rc7 38.Ne4 Rcf7 39.Nd2 Nf4 40.Qc4 h5 41.Nf2 Qc2 42.Qxc2 Nxc2 43.Rb3 Nxd5
44.Nfe4 Nd4 45.Ra3 g4 46.Nxd6 Nxf3+ 47.Nxf3 Rxf3 48.Rfxf3 Rxf3  1/2-1/2

[Event "49th WJun"]
[Site "Chotowa POL"]
[Date "2010.08.05"]
[Round "3"]
[White "Kriebel,T"]
[Black "Casanova,F"]
[Result "1-0"]
[WhiteElo "2320"]
[BlackElo "2074"]

1.d4 Nf6 2.c4 g6 3.Nc3 Bg7 4.e4 d6 5.Nf3 O-O 6.Be2 e5 7.O-O Nc6 8.d5 Ne7
9.Ne1 Nd7 10.Nd3 f5 11.Bd2 Nf6 12.f3 f4 13.c5 g5 14.Rc1 h5 15.cxd6 cxd6 16.Nf2 a6
17.a4 Qe8 18.h3 Qg6 19.Qb3 g4 20.fxg4 hxg4 21.hxg4 Nxg4 22.Nxg4 Bxg4 23.Bxg4 Qxg4
24.Qd1 Qg5 25.Qf3 Rf6 26.Nd1  1-0

[Event "14th HZ Open"]
[Site "Vlissingen NED"]
[Date "2010.08.07"]
[Round "1"]
[White "Ikonnikov,Vy"]
[Black "Ducarmon,R"]
[Result "1-0"]
[WhiteElo "2578"]
[BlackElo "1910"]

1.d4 Nf6 2.Nf3 g6 3.c4 Bg7 4.Nc3 O-O 5.e4 d6 6.Be2 e5 7.O-O Nc6 8.d5 Ne7
9.Ne1 Nd7 10.Be3 f5 11.f3 f4 12.Bf2 g5 13.a4 a5 14.Nd3 Nf6 15.c5 Ng6 16.cxd6 cxd6
17.Qb3 g4 18.fxg4 Nxg4 19.Ne1 Nxf2 20.Rxf2 Nh4 21.Nf3 Rf7 22.Rc1 Bf6 23.Nb1 Rg7
24.Kh1 Kh8 25.Bf1 Bg4 26.Nbd2 Rb8 27.Be2 Rg6 28.h3 Bxf3 29.Bxf3 Rg3 30.Nf1 Nxf3
31.Rxf3 Rxf3 32.Qxf3 Rc8 33.Rxc8 Qxc8 34.Qc3 Qxc3 35.bxc3 Kg7 36.Nd2 Bd8
37.Nc4 Bc7 38.Kg1 Kg6 39.g3 fxg3 40.Kg2 Kg5 41.Kxg3 h5 42.h4+ Kg6 43.Kf3 Kf6
44.Ke2 Ke7 45.Kd3 Kd7 46.Ne3 Bd8 47.Nf5 b6 48.Kc4 Kc7 49.Kb5 Bf6 50.c4 Bd8
51.Ka6 Bf6 52.Kb5 Bd8 53.c5 dxc5 54.Ng3 Bxh4 55.Nxh5 Bd8 56.Ng7 Kd6 57.Nf5+ Kc7
58.Ne3 Kb7 59.Nc4 Bc7 60.d6 Bb8 61.d7 Bc7 62.Nd6+ Kb8 63.Nf7 Kb7 64.d8=Q Bxd8
65.Nxd8+ Kc7 66.Nf7  1-0

[Event "49th WJun"]
[Site "Chotowa POL"]
[Date "2010.08.09"]
[Round "6"]
[White "Schiendorfer,E"]
[Black "Rasulov,Vu"]
[Result "0-1"]
[WhiteElo "2305"]
[BlackElo "2442"]

1.d4 Nf6 2.c4 g6 3.Nc3 Bg7 4.e4 d6 5.Nf3 O-O 6.Be2 e5 7.O-O Nc6 8.d5 Ne7
9.Qc2 Nd7 10.Rd1 h6 11.c5 Nxc5 12.b4 Na6 13.Ba3 f5 14.Rac1 Rf7 15.b5 Nb8
16.Nd2 fxe4 17.Ncxe4 Nf5 18.Nf3 b6 19.Bb4 a6 20.a4 axb5 21.axb5 Bb7 22.g4 Nd4
23.Nxd4 exd4 24.Qc4 Be5 25.g5 Qd7 26.Rxd4 Qh3 27.Ng3 Rxf2 28.Kxf2 Qxh2+ 29.Ke1 Qxg3+
30.Kd2 Qxg5+ 31.Kc2 Bxd4 32.Qxd4 Ra2+ 33.Kb1 Rxe2 34.Rxc7 Qf5+ 35.Kc1 Nd7  0-1

[Event "14th HZ Open"]
[Site "Vlissingen NED"]
[Date "2010.08.09"]
[Round "4"]
[White "Zilverberg,J"]
[Black "Leenhouts,K"]
[Result "0-1"]
[WhiteElo "2051"]
[BlackElo "2407"]

1.d4 Nf6 2.Nf3 g6 3.c4 Bg7 4.Nc3 O-O 5.e4 d6 6.Be2 e5 7.O-O Nc6 8.d5 Ne7
9.b4 Ne8 10.Rb1 h6 11.Nd2 f5 12.a4 Nf6 13.f3 f4 14.c5 g5 15.Nc4 h5 16.Ba3 Ne8
17.Rc1 Rf7 18.a5 Ng6 19.Na4 Bf8 20.b5 Rg7 21.b6 g4 22.bxc7 Qh4 23.Bd3 g3
24.h3 Bxh3 25.gxh3 Qxh3 26.Rc2 Nh4 27.Re1 g2 28.Kf2 g1=Q+ 29.Rxg1 Qh2+ 30.Kf1 Rxg1+  0-1

[Event "ch-FRA NatB"]
[Site "Belfort FRA"]
[Date "2010.08.10"]
[Round "2"]
[White "Gozzoli,Y"]
[Black "Housieaux,D"]
[Result "1-0"]
[WhiteElo "2520"]
[BlackElo "2423"]

1.d4 Nf6 2.c4 g6 3.Nc3 Bg7 4.e4 d6 5.Nf3 O-O 6.Be2 e5 7.O-O Nc6 8.d5 Ne7
9.b4 Ne8 10.Nd2 f5 11.c5 Nf6 12.f3 f4 13.Nc4 g5 14.a4 Ng6 15.Ba3 Rf7 16.b5 dxc5
17.Bxc5 Bf8 18.Bf2 h5 19.h3 Bb4 20.Qb3 Bd6 21.b6 axb6 22.Nb5 Ne8 23.Ncxd6 Nxd6
24.Rac1 g4 25.Nxd6 Qxd6 26.fxg4 hxg4 27.hxg4 Bd7 28.Rc4 f3 29.Bxf3 Nf4 30.Be3 b5
31.Rc3 Rxa4 32.Qc2 c6 33.g3 Ng6 34.Bc5 Qf6 35.Be2 Qg5 36.Rxf7 Kxf7 37.Rf3+ Kg7
38.Be3 Ra1+ 39.Kg2 Qd8 40.Qd2 Bxg4 41.Bh6+ Kg8 42.Rf2 Bxe2 43.Qxe2 Nh4+ 44.Kh2 Ng6
45.Qg4 Kh7 46.Qh5 Qe8 47.Rf8 Nf4 48.Qxe8 Ra2+ 49.Kg1  1-0

[Event "49th WJun"]
[Site "Chotowa POL"]
[Date "2010.08.11"]
[Round "8"]
[White "Matlakov,M"]
[Black "Baryshpolets,A"]
[Result "1-0"]
[WhiteElo "2603"]
[BlackElo "2450"]

1.d4 Nf6 2.c4 g6 3.Nc3 Bg7 4.e4 d6 5.Nf3 O-O 6.Be2 e5 7.O-O Nc6 8.d5 Ne7
9.Ne1 Nd7 10.Nd3 f5 11.Bd2 Nf6 12.f3 f4 13.c5 g5 14.cxd6 cxd6 15.Nf2 Rf7
16.Qc2 h5 17.Nb5 Ng6 18.Rfc1 Ne8 19.a4 Bd7 20.h3 Bf6 21.Ra3 Qb8 22.a5 Bd8
23.Nc3 Rg7 24.Bb5 Bxb5 25.Nxb5 a6 26.Nc3 Qa7 27.Na4 Nh4 28.Kf1 Nf6 29.Qd1 Kh7
30.Rb3 Bc7 31.Nb6 Rag8 32.Be1 Qb8 33.Nd3 Ng6 34.Ke2 Kh8 35.Rbc3 Rh7 36.Kd2 g4
37.Kc2 Qd8 38.Bf2 gxh3 39.gxh3 Nd7 40.Kb1 Nf6 41.h4 Ne8 42.Qh1 Nf8 43.Qh3 Rf7
44.R3c2 Rg6 45.Rg1 Rxg1+ 46.Bxg1 Rg7 47.Bf2 Rf7 48.Rc1 Ng7 49.Rg1 Qe8 50.Qc8 Qb5
51.Nc1 Bxb6 52.axb6 Kh7 53.Qc3 Ng6 54.Qc8 Re7 55.Qd8 Rd7 56.Qf6 Nh8 57.Rd1 Kg8
58.Rd2 Nf7 59.Rc2 Kh7 60.Rc7 Kg8 61.Qg6 Kf8 62.Rc8+ Ne8 63.Qxh5 Qf1 64.Qg4 Re7
65.Rc2 Qh1 66.Bg1 Nf6 67.Qg6 Qxh4 68.Rh2 Qg3 69.Qxf6 Ke8 70.Rc2 Qxf3 71.Rc8+  1-0

[Event "49th WJun"]
[Site "Chotowa POL"]
[Date "2010.08.11"]
[Round "8"]
[White "Lalith,B"]
[Black "Soors,S"]
[Result "0-1"]
[WhiteElo "2502"]
[BlackElo "2259"]

1.Nf3 Nf6 2.c4 g6 3.Nc3 Bg7 4.e4 d6 5.d4 O-O 6.Be2 e5 7.O-O Nc6 8.d5 Ne7
9.b4 Nh5 10.Re1 a5 11.bxa5 Rxa5 12.a4 f5 13.Ba3 b6 14.Bb4 Ra8 15.a5 bxa5
16.Bxa5 fxe4 17.Nxe4 Bf5 18.Nfg5 Nf4 19.c5 Rxa5 20.Rxa5 h6 21.g4 hxg5 22.gxf5 gxf5
23.Nxg5 Neg6 24.Ne6 Nh3+ 25.Kg2 Qh4 26.f3 Rf6 27.Ra8+ Kh7 28.Ra4 e4 29.Rf1 Rxe6
30.dxe6 Ngf4+ 31.Kh1 Qg5  0-1

[Event "Open"]
[Site "Geraardsbergen BEL"]
[Date "2010.08.11"]
[Round "1"]
[White "Van Mechelen,J"]
[Black "Burnay,G"]
[Result "1-0"]
[WhiteElo "2278"]
[BlackElo "1938"]

1.d4 Nf6 2.c4 g6 3.Nc3 Bg7 4.e4 d6 5.Nf3 O-O 6.Be2 e5 7.O-O Nc6 8.d5 Ne7
9.a4 Nd7 10.a5 f5 11.Ng5 Nf6 12.Bf3 h6 13.Ne6 Bxe6 14.dxe6 c6 15.Ra3 f4 16.a6 b6
17.b4 Qc7 18.b5 Rad8 19.bxc6 Nxc6 20.Nd5 Nxd5 21.exd5 Nd4 22.Be4 Nf5 23.g3 fxg3
24.hxg3 Rde8 25.g4 Nh4 26.Qe2 Rf4 27.Bxf4 exf4 28.Rh3 g5 29.Bd3 Be5 30.Qe4 Qg7
31.f3 Rc8 32.Kh1 Rc5 33.Rh2 Ra5 34.Re2 Kf8 35.Rc1 Rc5 36.Rb1 Rc7 37.Rb5 Bd4
38.Rh2 Qf6 39.Rb1 Re7 40.Rc2 Rc7 41.Re1 Re7 42.c5 Bxc5 43.Rxc5 bxc5 44.Rb1 Qe5
45.Rb8+ Re8 46.Qxe5 dxe5 47.Rxe8+ Kxe8 48.d6  1-0

[Event "7th Marques Prol"]
[Site "Santos BRA"]
[Date "2010.08.11"]
[Round "4"]
[White "Martins,Vin"]
[Black "Barbosa,E"]
[Result "1/2-1/2"]
[WhiteElo "2250"]
[BlackElo "2279"]

1.Nf3 Nf6 2.c4 g6 3.Nc3 Bg7 4.e4 d6 5.d4 O-O 6.Be2 e5 7.O-O Nc6 8.d5 Ne7
9.b4 Nh5 10.Re1 a5 11.bxa5 Rxa5 12.Nd2 Nf4 13.Bf1 c5 14.a4 Ra6 15.Ra3 Nh5
16.Nb5 Nf6 17.g3 Ne8 18.Bg2 f5 19.exf5 Nxf5 20.Ne4 h6 21.Bd2 Nf6 22.Bc3 Nxe4
23.Bxe4 Bd7 24.Qc2 h5 25.Bb2 Ra8 26.Rea1 Bh6 27.Qe2 Bg7 28.a5 Ra6 29.R1a2 Bh6
30.Qd3 Bc8 31.Bc3 Rf7 32.Bd2 Bxd2 33.Qxd2 Qf6 34.Rf3 g5 35.Rb3 Nh6 36.Rf3 Nf5
37.Rfa3 g4 38.Bg2 Ra8 39.Nc3 Nd4 40.Ne4 Qg6 41.Qg5 Qxg5 42.Nxg5 Rf6 43.Ne4 Rg6
44.Rb2 Kf7 45.Rb6 Nf5 46.Bf1 Rh6 47.Be2 Ke7 48.Bd1 Rh8 49.f3  1/2-1/2

[Event "Tch-ESP CECLUB GpA"]
[Site "Burguillos ESP"]
[Date "2010.08.12"]
[Round "4"]
[White "Ramiro Ovejero,J"]
[Black "Castellanos Rodriguez,R"]
[Result "0-1"]
[WhiteElo "2383"]
[BlackElo "2475"]

1.d4 Nf6 2.Nf3 g6 3.c4 Bg7 4.Nc3 O-O 5.e4 d6 6.Be2 e5 7.O-O Nc6 8.d5 Ne7
9.Ne1 Nd7 10.Nd3 f5 11.Bd2 Nf6 12.f3 f4 13.c5 g5 14.Rc1 Ng6 15.Nb5 Rf7 16.Ba5 b6
17.cxd6 cxd6 18.Be1 a6 19.Nc3 a5 20.b4 h5 21.bxa5 bxa5 22.Nf2 Bf8 23.Na4 Bd7
24.Rb1 Rg7 25.Nb6 Ra7 26.Nxd7 Qxd7 27.Bb5 Qd8 28.Kh1 Nh8 29.Nd3 g4 30.Bf2 Raf7
31.Ba6 Qa8 32.Bc4 h4 33.Bxh4 Rh7 34.Bxf6 g3 35.h3 Rxf6 36.Qc2 Nf7 37.Rb6 Ng5
38.Ba6 Nxh3 39.gxh3 Rxh3+ 40.Kg1 Rfh6 41.Qg2 Qa7 42.Rb1 Rh1+  0-1

[Event "49th WJun"]
[Site "Chotowa POL"]
[Date "2010.08.12"]
[Round "9"]
[White "Herman,J"]
[Black "Ponizil,C"]
[Result "0-1"]
[WhiteElo "2094"]
[BlackElo "2406"]

1.d4 Nf6 2.c4 g6 3.Nc3 Bg7 4.e4 d6 5.Nf3 O-O 6.Be2 e5 7.O-O Nc6 8.d5 Ne7
9.b4 a5 10.bxa5 c5 11.Rb1 Rxa5 12.Qc2 Nh5 13.a4 h6 14.Rb5 Nf4 15.Nd2 Ra7
16.Re1 f5 17.f3 Nxe2+ 18.Rxe2 g5 19.Rf2 Ng6 20.exf5 Bxf5 21.Nde4 Nf4 22.Be3 Rf7
23.Qb1 h5 24.Rfb2 g4 25.fxg4 hxg4 26.Rxb7 Raxb7 27.Rxb7 Rxb7 28.Qxb7 Bh6
29.Bd2 Qf8 30.Qb2 Bxe4  0-1

[Event "7th CHN-RUS w Rapid"]
[Site "Ningbo CHN"]
[Date "2010.08.12"]
[Round "9"]
[White "Ju Wenjun"]
[Black "Bodnaruk,A"]
[Result "1-0"]
[WhiteElo "2496"]
[BlackElo "2397"]

1.d4 Nf6 2.c4 g6 3.Nc3 Bg7 4.e4 d6 5.Be2 O-O 6.Nf3 e5 7.O-O Nc6 8.d5 Ne7
9.Ne1 Nd7 10.Bd2 f5 11.f3 Nf6 12.Nd3 c5 13.Rb1 f4 14.b4 b6 15.a4 a5 16.bxa5 bxa5
17.Rb2 h5 18.Nf2 g5 19.h3 Bh6 20.Qb3 Ra6 21.Rfb1 Kh8 22.Qd1 Rg8 23.Rb8 Ng6
24.Qe1 Nh4 25.Nb5 Nd7 26.Rxc8 Qxc8 27.Bxa5 Bf8 28.Bd1 Be7 29.Bc3 Nb6 30.Na7 Qc7
31.Nc6 Nc8 32.Ba5 Qd7 33.Nb8 Qa7 34.Nxa6 Qxa6 35.Qc3 Ng6 36.Bc7 Nf8 37.a5 Nd7
38.Ba4 Qa7 39.Bxd7 Qxc7 40.Be6 Rf8 41.a6 Nb6 42.Qa5 Nxd5 43.Rb5 Qxa5 44.Rxa5 Nc7
45.Bd5 Rb8 46.a7 Rb1+ 47.Kh2 Rf1 48.Rb5 g4 49.hxg4 Bh4 50.Nh1 hxg4 51.fxg4 Ra1
52.Rb8+ Kg7 53.Rb7  1-0

[Event "e2e4 Autumn Challengers D"]
[Site "Uxbridge ENG"]
[Date "2010.08.12"]
[Round "3"]
[White "Bennett, Dominic"]
[Black "Lindner,D"]
[Result "0-1"]
[WhiteElo "1973"]
[BlackElo "2249"]

1.d4 Nf6 2.Nf3 g6 3.c4 Bg7 4.Nc3 d6 5.e4 O-O 6.Be2 e5 7.O-O Nc6 8.d5 Ne7
9.b4 c6 10.Bd2 Ne8 11.Qb3 cxd5 12.exd5 h6 13.Rac1 f5 14.Rfd1 g5 15.c5 Kh8
16.Be1 f4 17.Nb5 Nf5 18.cxd6 g4 19.Nd2 a6 20.Nc7 Nd4 21.Qd3 Bf5 22.Ne4 Bxe4
23.Qxe4 Nxd6 24.Qd3 e4 25.Qd2 f3 26.Bf1 fxg2 27.Bxg2 Nf3+ 28.Bxf3 gxf3 29.Kh1 Qh4
30.Qc3 Rac8 31.Qxg7+ Kxg7 32.Bc3+ Kh7 33.Be5 Qe7 34.Ne6 Rg8 35.Rg1 Rxc1 36.Rxc1 Rc8
37.Rg1 Ne8 38.Nf8+  0-1

[Event "14th HZ Open"]
[Site "Vlissingen NED"]
[Date "2010.08.12"]
[Round "7"]
[White "Baekelant,E"]
[Black "Goldschmidt,C"]
[Result "0-1"]
[WhiteElo "2034"]
[BlackElo "2249"]

1.d4 Nf6 2.c4 g6 3.Nc3 Bg7 4.e4 d6 5.Nf3 O-O 6.Be2 e5 7.O-O Nc6 8.d5 Nb8
9.b4 Nbd7 10.Be3 Ne8 11.c5 Ndf6 12.Nd2 Kh8 13.Nc4 Ng8 14.cxd6 cxd6 15.Nb5 Bh6
16.Bxa7 Rxa7 17.Nxa7 Bd7 18.a4 f5 19.f3 Ngf6 20.Qd3 Nh5 21.Nb5 Qh4 22.Rf2 Nf4
23.Qc3 fxe4 24.Nbxd6 e3 25.Nxe3 Nxd6 26.Qxe5+ Qf6 27.Qxf6+ Rxf6 28.Ra3 Rf8
29.Bf1 Rc8 30.g3 Nh3+ 31.Bxh3 Bxh3 32.Nc2 Nc4 33.Ra2 Re8 34.Ra1 Nb2 35.f4 Bg7
36.Rb1 Nxa4 37.d6 Nc3 38.Rc1 Ne2+ 39.Rxe2 Rxe2 40.Re1 Bd4+  0-1

[Event "7th CHN-RUS w Rapid"]
[Site "Ningbo CHN"]
[Date "2010.08.13"]
[Round "15"]
[White "Huang Qian"]
[Black "Bodnaruk,A"]
[Result "1-0"]
[WhiteElo "2447"]
[BlackElo "2397"]

1.d4 Nf6 2.c4 g6 3.Nc3 Bg7 4.e4 d6 5.Nf3 O-O 6.Be2 e5 7.O-O Nc6 8.d5 Ne7
9.b4 a5 10.Ba3 b6 11.bxa5 Nh5 12.Nd2 Nf4 13.Nb3 bxa5 14.Re1 Nxe2+ 15.Qxe2 f5
16.c5 fxe4 17.Nxe4 a4 18.Nbd2 Nxd5 19.cxd6 cxd6 20.Bxd6 Rf7 21.Rad1 Nf4 22.Qe3 Ba6
23.Nf3 Rd7 24.Rd2 Bb7 25.Nc5 Rxd6 26.Nxb7 Rxd2 27.Nxd8 Rd3 28.Qe4 Raxd8 29.Qxa4 R3d5
30.Qc4 Kf8 31.g3 Nd3 32.Re2 Bf6 33.Kg2 Nc5 34.Nd2 Be7 35.Ne4 Rd4 36.Qc2 Nxe4
37.Rxe4 Rd2 38.Qc4 R8d5 39.Re2 R2d4 40.Qc7 Rc5 41.Qb8+ Rd8 42.Qb3 Rdd5 43.Rc2 Rb5
44.Qf3+ Ke8 45.Rc8+ Kd7 46.Qg4+ Kd6 47.Qc4 Rdc5 48.Rxc5 Rxc5 49.Qf7 g5 50.Qxh7 Bd8
51.Qg6+ Kd7 52.h4 gxh4 53.gxh4 Bxh4 54.Qg4+  1-0

[Event "49th WJun"]
[Site "Chotowa POL"]
[Date "2010.08.14"]
[Round "11"]
[White "Sieciechowicz,M"]
[Black "Pavlidis,Ana"]
[Result "1-0"]
[WhiteElo "2445"]
[BlackElo "2359"]

1.d4 Nf6 2.c4 g6 3.Nc3 Bg7 4.e4 d6 5.Nf3 O-O 6.Be2 e5 7.O-O Nc6 8.d5 Ne7
9.b4 a5 10.Ba3 axb4 11.Bxb4 b6 12.a4 Ne8 13.Qb3 Kh8 14.Rfd1 f5 15.exf5 Nxf5
16.Nb5 e4 17.Nfd4 Qf6 18.Bc3 Nh4 19.Rf1 Qg5 20.g3 Kg8 21.Rfd1 Kh8 22.Rf1 Kg8
23.Qc2 Nf3+ 24.Bxf3 exf3 25.Rfe1 Qh5 26.Qd3 Bh3 27.Re3 Bg2 28.Ne6 Rf5 29.Re4 Bxc3
30.Nxc3 Re5 31.Rh4 Qf5 32.Rf4 Ng7 33.Rxf5 gxf5 34.Nf4  1-0